[Event "45th FIDE Chess Olympiad Open"]
[Site "Budapest, Hungary"]
[Date "2024.09.19"]
[Round "8"]
[White "Ziska, Helgi Dam"]
[Black "Pelletier, Yannick"]
[Result "1/2-1/2"]
[Board "89"]
[WhiteFideId "7200595"]
[BlackFideId "1301837"]
[WhiteTitle "GM"]
[BlackTitle "GM"]
[WhiteElo "2553"]
[BlackElo "2526"]
[WhiteTeam "Faroe Islands"]
[BlackTeam "Switzerland"]
[WhiteClock "0:14:28"]
[BlackClock "0:04:28"]
[Variant "Standard"]

1. e4 {[%clk 1:30:52]}  e6 {[%clk 1:30:53]} 2. d4 {[%clk 1:30:50]}  d5 {[%clk 1:31:16]} 3. Nd2 {[%clk 1:31:00]}  c5 {[%clk 1:31:32]} 4. Ngf3 {[%clk 1:30:52]}  cxd4 {[%clk 1:31:45]} 5. Nxd4 {[%clk 1:31:15]}  Nf6 {[%clk 1:31:49]} 6. exd5 {[%clk 1:28:30]}  Nxd5 {[%clk 1:32:00]} 7. N2f3 {[%clk 1:27:17]}  Bb4+ {[%clk 1:32:08]} 8. Bd2 {[%clk 1:26:59]}  Bc5 {[%clk 1:32:22]} 9. c3 {[%clk 1:21:43]}  O-O {[%clk 1:13:28]} 10. Bc4 {[%clk 1:15:37]}  Nc6 {[%clk 1:11:39]} 11. Nxc6 {[%clk 0:56:47]}  bxc6 {[%clk 1:12:03]} 12. O-O {[%clk 0:56:44]}  Qb6 {[%clk 1:04:53]} 13. b4 {[%clk 0:52:45]}  Be7 {[%clk 1:04:39]} 14. Bd3 {[%clk 0:45:45]}  Ba6 {[%clk 0:31:11]} 15. c4 {[%clk 0:36:00]}  Nxb4 {[%clk 0:30:33]} 16. Rb1 {[%clk 0:36:03]}  Nxd3 {[%clk 0:30:48]} 17. Rxb6 {[%clk 0:36:22]}  axb6 {[%clk 0:31:15]} 18. Qc2 {[%clk 0:34:41]}  Rfd8 {[%clk 0:31:22]} 19. Be3 {[%clk 0:34:07]}  c5 {[%clk 0:29:40]} 20. a3 {[%clk 0:30:04]}  Bb7 {[%clk 0:24:02]} 21. Qb3 {[%clk 0:25:47]}  Bxf3 {[%clk 0:21:59]} 22. gxf3 {[%clk 0:26:14]}  Ne5 {[%clk 0:19:54]} 23. f4 {[%clk 0:16:15]}  Nf3+ {[%clk 0:14:55]} 24. Kg2 {[%clk 0:16:27]}  Nh4+ {[%clk 0:15:15]} 25. Kg1 {[%clk 0:16:01]}  Nf3+ {[%clk 0:14:43]} 26. Kg2 {[%clk 0:16:26]}  Nh4+ {[%clk 0:15:10]} 27. Kg1 {[%clk 0:16:50]}  Rd6 {[%clk 0:09:19]} 28. a4 {[%clk 0:13:56]}  Nf3+ {[%clk 0:06:54]} 29. Kg2 {[%clk 0:14:21]}  Nh4+ {[%clk 0:07:21]} 30. Kg1 {[%clk 0:14:43]}  Nf3+ {[%clk 0:04:23]} 31. Kg2 {[%clk 0:15:09]}  Nh4+ {[%clk 0:04:28]} 32. Kg1 {[%clk 0:14:28]} 1/2-1/2

[Event "45th FIDE Chess Olympiad Open"]
[Site "Budapest, Hungary"]
[Date "2024.09.19"]
[Round "8"]
[White "Peng, Li Min"]
[Black "Nielsen, Hogni Egilstoft"]
[Result "1/2-1/2"]
[Board "90"]
[WhiteFideId "14112620"]
[BlackFideId "7200404"]
[WhiteTitle "GM"]
[BlackTitle "FM"]
[WhiteElo "2514"]
[BlackElo "2379"]
[WhiteTeam "Switzerland"]
[BlackTeam "Faroe Islands"]
[WhiteClock "0:05:41"]
[BlackClock "0:01:14"]
[Variant "Standard"]

1. d4 {[%clk 1:30:13]}  Nf6 {[%clk 1:30:41]} 2. c4 {[%clk 1:29:24]}  e6 {[%clk 1:30:49]} 3. g3 {[%clk 1:28:42]}  d5 {[%clk 1:27:07]} 4. Nf3 {[%clk 1:28:01]}  Be7 {[%clk 1:27:06]} 5. Bg2 {[%clk 1:28:22]}  O-O {[%clk 1:27:15]} 6. Nc3 {[%clk 1:27:57]}  b6 {[%clk 1:11:50]} 7. cxd5 {[%clk 1:28:02]}  exd5 {[%clk 1:11:59]} 8. O-O {[%clk 1:28:01]}  Bb7 {[%clk 1:09:43]} 9. Bf4 {[%clk 1:23:59]}  a6 {[%clk 0:57:51]} 10. Rc1 {[%clk 1:17:42]}  Nbd7 {[%clk 0:54:51]} 11. Ne5 {[%clk 1:16:07]}  c5 {[%clk 0:52:48]} 12. Nxd7 {[%clk 1:00:27]}  Qxd7 {[%clk 0:53:08]} 13. Na4 {[%clk 1:00:54]}  Qb5 {[%clk 0:43:45]} 14. b3 {[%clk 0:59:38]}  Rac8 {[%clk 0:39:17]} 15. Bh3 {[%clk 0:59:15]}  c4 {[%clk 0:37:11]} 16. Bxc8 {[%clk 0:41:06]}  Rxc8 {[%clk 0:37:00]} 17. Rb1 {[%clk 0:41:33]}  Qc6 {[%clk 0:33:43]} 18. b4 {[%clk 0:42:00]}  Re8 {[%clk 0:26:51]} 19. Nc3 {[%clk 0:39:47]}  b5 {[%clk 0:21:53]} 20. a3 {[%clk 0:34:19]}  Qe6 {[%clk 0:12:54]} 21. f3 {[%clk 0:31:55]}  Nh5 {[%clk 0:11:18]} 22. Bc1 {[%clk 0:32:15]}  Qg6 {[%clk 0:09:57]} 23. Rf2 {[%clk 0:25:23]}  Bd6 {[%clk 0:06:57]} 24. Rg2 {[%clk 0:25:49]}  Bc8 {[%clk 0:04:58]} 25. g4 {[%clk 0:26:12]}  Nf6 {[%clk 0:03:07]} 26. Rb2 {[%clk 0:26:36]}  Bb7 {[%clk 0:01:25]} 27. Bd2 {[%clk 0:15:57]}  Nd7 {[%clk 0:00:39]} 28. a4 {[%clk 0:08:54]}  Bc6 {[%clk 0:00:35]} 29. axb5 {[%clk 0:09:20]}  axb5 {[%clk 0:00:54]} 30. Qa1 {[%clk 0:09:49]}  Qf6 {[%clk 0:00:46]} 31. e3 {[%clk 0:05:19]}  Qxf3 {[%clk 0:01:14]} 32. Rb1 {[%clk 0:05:41]} 1/2-1/2

[Event "45th FIDE Chess Olympiad Open"]
[Site "Budapest, Hungary"]
[Date "2024.09.19"]
[Round "8"]
[White "Egilstoft, Rogvi"]
[Black "Georgiadis, Nico"]
[Result "0-1"]
[Board "91"]
[WhiteFideId "7200447"]
[BlackFideId "1300113"]
[WhiteTitle "FM"]
[BlackTitle "GM"]
[WhiteElo "2278"]
[BlackElo "2510"]
[WhiteTeam "Faroe Islands"]
[BlackTeam "Switzerland"]
[WhiteClock "0:28:09"]
[BlackClock "0:25:28"]
[Variant "Standard"]

1. e4 {[%clk 1:30:54]}  c5 {[%clk 1:30:53]} 2. c3 {[%clk 1:30:19]}  d5 {[%clk 1:31:16]} 3. exd5 {[%clk 1:30:40]}  Nf6 {[%clk 1:31:37]} 4. d4 {[%clk 1:21:59]}  Nxd5 {[%clk 1:31:24]} 5. Nf3 {[%clk 1:13:43]}  cxd4 {[%clk 1:30:41]} 6. Bc4 {[%clk 1:05:10]}  e6 {[%clk 1:30:01]} 7. Nxd4 {[%clk 0:59:37]}  Bc5 {[%clk 1:29:31]} 8. O-O {[%clk 0:51:27]}  O-O {[%clk 1:29:52]} 9. Qf3 {[%clk 0:43:21]}  Nb6 {[%clk 1:04:21]} 10. Bd3 {[%clk 0:39:56]}  Bxd4 {[%clk 1:01:59]} 11. cxd4 {[%clk 0:40:07]}  Nc6 {[%clk 0:59:50]} 12. Rd1 {[%clk 0:39:01]}  f5 {[%clk 0:52:56]} 13. Nc3 {[%clk 0:24:00]}  Nxd4 {[%clk 0:49:54]} 14. Qg3 {[%clk 0:22:44]}  Qf6 {[%clk 0:47:41]} 15. Bg5 {[%clk 0:15:07]}  Qf7 {[%clk 0:40:10]} 16. Be3 {[%clk 0:07:14]}  Nc6 {[%clk 0:37:08]} 17. Bc5 {[%clk 0:04:39]}  Rd8 {[%clk 0:32:20]} 18. Bxb6 {[%clk 0:04:56]}  axb6 {[%clk 0:32:39]} 19. Bc4 {[%clk 0:05:02]}  Bd7 {[%clk 0:24:34]} 20. Qc7 {[%clk 0:05:13]}  Be8 {[%clk 0:22:31]} 21. Qxb6 {[%clk 0:05:03]}  Qe7 {[%clk 0:21:41]} 22. Re1 {[%clk 0:04:19]}  Bf7 {[%clk 0:16:36]} 23. Nd5 {[%clk 0:04:39]}  Qh4 {[%clk 0:13:25]} 24. Ne3 {[%clk 0:04:30]}  f4 {[%clk 0:12:17]} 25. Nf5 {[%clk 0:00:44]}  Qf6 {[%clk 0:08:04]} 26. Qxb7 {[%clk 0:00:34]}  Na5 {[%clk 0:08:25]} 27. Ne7+ {[%clk 0:00:36]}  Kh8 {[%clk 0:05:14]} 28. Qb4 {[%clk 0:00:52]}  Nxc4 {[%clk 0:04:43]} 29. Nc6 {[%clk 0:01:18]}  Rdc8 {[%clk 0:05:06]} 30. Qxc4 {[%clk 0:00:39]}  e5 {[%clk 0:05:32]} 31. Qe4 {[%clk 0:00:48]}  Rxc6 {[%clk 0:04:11]} 32. Rac1 {[%clk 0:01:16]}  Rac8 {[%clk 0:03:55]} 33. Rxc6 {[%clk 0:01:41]}  Rxc6 {[%clk 0:03:47]} 34. a4 {[%clk 0:02:00]}  h6 {[%clk 0:03:24]} 35. a5 {[%clk 0:01:54]}  Rc4 {[%clk 0:03:10]} 36. Qa8+ {[%clk 0:01:54]}  Kh7 {[%clk 0:03:36]} 37. b3 {[%clk 0:02:15]}  Rd4 {[%clk 0:03:31]} 38. Qc8 {[%clk 0:01:50]}  Bxb3 {[%clk 0:01:51]} 39. a6 {[%clk 0:02:10]}  Bd5 {[%clk 0:01:41]} 40. a7 {[%clk 0:01:48]}  Qg6 {[%clk 0:01:56]} 41. g3 {[%clk 0:00:53]}  fxg3 {[%clk 0:29:43]} 42. fxg3 {[%clk 0:29:12]}  Rd2 {[%clk 0:27:42]} 43. Qd8 {[%clk 0:28:09]}  Qd3 {[%clk 0:25:28]} 0-1

[Event "45th FIDE Chess Olympiad Open"]
[Site "Budapest, Hungary"]
[Date "2024.09.19"]
[Round "8"]
[White "Kurmann, Oliver"]
[Black "Apol, Luitjen Akselsson"]
[Result "0-1"]
[Board "92"]
[WhiteFideId "1308173"]
[BlackFideId "7202466"]
[WhiteTitle "IM"]
[WhiteElo "2421"]
[BlackElo "2219"]
[WhiteTeam "Switzerland"]
[BlackTeam "Faroe Islands"]
[WhiteClock "0:01:33"]
[BlackClock "0:04:01"]
[Variant "Standard"]

1. e4 {[%clk 1:30:57]}  c5 {[%clk 1:30:45]} 2. Nf3 {[%clk 1:31:20]}  d6 {[%clk 1:31:03]} 3. d4 {[%clk 1:31:44]}  cxd4 {[%clk 1:31:04]} 4. Nxd4 {[%clk 1:32:12]}  Nf6 {[%clk 1:31:16]} 5. Nc3 {[%clk 1:32:36]}  a6 {[%clk 1:31:22]} 6. Bg5 {[%clk 1:32:51]}  Nbd7 {[%clk 1:31:17]} 7. f3 {[%clk 1:33:10]}  e6 {[%clk 1:30:33]} 8. Qd2 {[%clk 1:33:29]}  h6 {[%clk 1:30:15]} 9. Be3 {[%clk 1:33:50]}  b5 {[%clk 1:30:23]} 10. a3 {[%clk 1:33:17]}  Bb7 {[%clk 1:30:33]} 11. O-O-O {[%clk 1:33:34]}  Rc8 {[%clk 1:30:31]} 12. Kb1 {[%clk 1:32:36]}  d5 {[%clk 1:29:53]} 13. exd5 {[%clk 1:32:43]}  Bxd5 {[%clk 1:30:16]} 14. Bf4 {[%clk 1:29:59]}  Qb6 {[%clk 1:29:38]} 15. Re1 {[%clk 1:27:05]}  Bb7 {[%clk 1:28:58]} 16. Nf5 {[%clk 1:08:35]}  b4 {[%clk 1:28:49]} 17. axb4 {[%clk 1:08:36]}  Bxb4 {[%clk 1:27:30]} 18. Nd6+ {[%clk 1:07:58]}  Ke7 {[%clk 1:27:11]} 19. Nxc8+ {[%clk 0:58:18]}  Rxc8 {[%clk 1:27:09]} 20. Na4 {[%clk 0:58:29]}  Bxd2 {[%clk 1:23:19]} 21. Nxb6 {[%clk 0:58:56]}  Bxf4 {[%clk 1:16:11]} 22. Nxc8+ {[%clk 0:59:23]}  Bxc8 {[%clk 1:16:32]} 23. Rd1 {[%clk 0:26:40]}  Bb7 {[%clk 1:04:39]} 24. Be2 {[%clk 0:25:48]}  Bc7 {[%clk 1:00:53]} 25. Rd3 {[%clk 0:19:48]}  Nc5 {[%clk 0:51:47]} 26. Ra3 {[%clk 0:19:39]}  a5 {[%clk 0:48:02]} 27. Bb5 {[%clk 0:19:37]}  Nd5 {[%clk 0:45:33]} 28. Re1 {[%clk 0:14:14]}  Kf6 {[%clk 0:34:39]} 29. g3 {[%clk 0:12:28]}  g5 {[%clk 0:33:43]} 30. Kc1 {[%clk 0:10:50]}  e5 {[%clk 0:28:59]} 31. Kd2 {[%clk 0:10:55]}  Ne6 {[%clk 0:27:40]} 32. c3 {[%clk 0:08:31]}  Bb6 {[%clk 0:25:29]} 33. Bc4 {[%clk 0:08:10]}  Nec7 {[%clk 0:20:19]} 34. Rea1 {[%clk 0:06:06]}  Ne7 {[%clk 0:13:36]} 35. Rb3 {[%clk 0:05:36]}  Nc8 {[%clk 0:12:13]} 36. Be2 {[%clk 0:05:03]}  Bd5 {[%clk 0:05:45]} 37. Rba3 {[%clk 0:04:16]}  Nd6 {[%clk 0:03:49]} 38. b3 {[%clk 0:04:46]}  e4 {[%clk 0:02:31]} 39. fxe4 {[%clk 0:04:10]}  Nxe4+ {[%clk 0:03:00]} 40. Kc2 {[%clk 0:04:40]}  Nc5 {[%clk 0:02:41]} 41. c4 {[%clk 0:01:21]}  Be4+ {[%clk 0:01:46]} 42. Kc3 {[%clk 0:28:52]}  Nb7 {[%clk 0:30:21]} 43. Rf1+ {[%clk 0:28:18]}  Kg6 {[%clk 0:28:48]} 44. Bf3 {[%clk 0:27:59]}  f5 {[%clk 0:27:25]} 45. Raa1 {[%clk 0:20:13]}  Ne6 {[%clk 0:23:56]} 46. Rad1 {[%clk 0:20:41]}  Bc5 {[%clk 0:23:56]} 47. g4 {[%clk 0:16:21]}  Bb4+ {[%clk 0:19:34]} 48. Kb2 {[%clk 0:16:50]}  Nbc5 {[%clk 0:18:45]} 49. gxf5+ {[%clk 0:16:47]}  Bxf5 {[%clk 0:15:24]} 50. Bh5+ {[%clk 0:17:14]}  Kxh5 {[%clk 0:15:29]} 51. Rxf5 {[%clk 0:17:43]}  Kg4 {[%clk 0:15:47]} 52. Rf6 {[%clk 0:11:33]}  h5 {[%clk 0:13:14]} 53. Kc2 {[%clk 0:10:31]}  Kh3 {[%clk 0:12:12]} 54. Rf2 {[%clk 0:09:56]}  g4 {[%clk 0:11:28]} 55. Rf5 {[%clk 0:02:14]}  Kxh2 {[%clk 0:09:42]} 56. Rxh5 {[%clk 0:02:35]}  Kg2 {[%clk 0:10:01]} 57. Rhh1 {[%clk 0:02:31]}  g3 {[%clk 0:09:25]} 58. Rdg1 {[%clk 0:01:50]}  Kf3 {[%clk 0:09:26]} 59. Rf1+ {[%clk 0:00:55]}  Kg4 {[%clk 0:09:38]} 60. Rh8 {[%clk 0:00:50]}  Ng5 {[%clk 0:08:20]} 61. Rg8 {[%clk 0:00:55]}  Nce4 {[%clk 0:08:20]} 62. Kd3 {[%clk 0:00:50]}  Bc5 {[%clk 0:08:32]} 63. Ra8 {[%clk 0:00:51]}  g2 {[%clk 0:08:19]} 64. Re1 {[%clk 0:01:20]}  Ng3 {[%clk 0:05:06]} 65. Rxa5 {[%clk 0:01:03]}  Nf1 {[%clk 0:05:10]} 66. Rxc5 {[%clk 0:01:13]}  g1=Q {[%clk 0:05:27]} 67. Ree5 {[%clk 0:00:34]}  Qg3+ {[%clk 0:04:10]} 68. Kc2 {[%clk 0:01:00]}  Qf2+ {[%clk 0:03:50]} 69. Kc1 {[%clk 0:01:06]}  Qd2+ {[%clk 0:03:34]} 70. Kb1 {[%clk 0:01:35]}  Qd3+ {[%clk 0:03:39]} 71. Ka2 {[%clk 0:01:42]}  Nf3 {[%clk 0:03:42]} 72. Re8 {[%clk 0:00:45]}  Nd4 {[%clk 0:03:11]} 73. Rg8+ {[%clk 0:00:57]}  Kf3 {[%clk 0:03:03]} 74. Rf8+ {[%clk 0:01:17]}  Ke2 {[%clk 0:03:23]} 75. Rb8 {[%clk 0:01:22]}  Nd2 {[%clk 0:02:57]} 76. Re5 {[%clk 0:01:24]}  Kd1 {[%clk 0:03:10]} 77. Rd5 {[%clk 0:01:39]}  Qc2+ {[%clk 0:02:58]} 78. Ka3 {[%clk 0:02:07]}  Nb1+ {[%clk 0:03:10]} 79. Kb4 {[%clk 0:01:58]}  Qxb3+ {[%clk 0:03:33]} 80. Kc5 {[%clk 0:01:33]}  Qxb8 {[%clk 0:04:01]} 0-1

[Event "45th FIDE Chess Olympiad Open"]
[Site "Budapest, Hungary"]
[Date "2024.09.19"]
[Round "8"]
[White "Ashiku, Franc"]
[Black "Grandelius, Nils"]
[Result "0-1"]
[Board "93"]
[WhiteFideId "4700066"]
[BlackFideId "1710400"]
[WhiteTitle "IM"]
[BlackTitle "GM"]
[WhiteElo "2400"]
[BlackElo "2653"]
[WhiteTeam "Albania"]
[BlackTeam "Sweden"]
[WhiteClock "0:00:36"]
[BlackClock "0:00:44"]
[Variant "Standard"]

1. d4 {[%clk 1:30:57]}  Nf6 {[%clk 1:30:24]} 2. Nf3 {[%clk 1:31:13]}  c5 {[%clk 1:29:55]} 3. d5 {[%clk 1:31:26]}  b5 {[%clk 1:30:08]} 4. e4 {[%clk 1:31:31]}  Nxe4 {[%clk 1:29:12]} 5. Bd3 {[%clk 1:31:56]}  Qa5+ {[%clk 1:29:18]} 6. Nbd2 {[%clk 1:30:26]}  Nf6 {[%clk 1:29:33]} 7. O-O {[%clk 1:26:09]}  c4 {[%clk 1:28:33]} 8. Be4 {[%clk 1:10:10]}  d6 {[%clk 1:28:15]} 9. Nd4 {[%clk 0:56:44]}  g6 {[%clk 1:20:18]} 10. Qf3 {[%clk 0:43:38]}  Bg7 {[%clk 1:08:27]} 11. Ne6 {[%clk 0:41:02]}  fxe6 {[%clk 1:03:49]} 12. dxe6 {[%clk 0:41:25]}  Bxe6 {[%clk 0:49:57]} 13. Bxa8 {[%clk 0:36:25]}  d5 {[%clk 0:47:28]} 14. Qe2 {[%clk 0:29:43]}  Bf7 {[%clk 0:45:26]} 15. Nf3 {[%clk 0:28:14]}  O-O {[%clk 0:44:50]} 16. Ng5 {[%clk 0:25:09]}  Na6 {[%clk 0:17:21]} 17. Bb7 {[%clk 0:18:55]}  Nc5 {[%clk 0:11:49]} 18. Qxe7 {[%clk 0:19:00]}  b4 {[%clk 0:05:02]} 19. Be3 {[%clk 0:14:52]}  Nxb7 {[%clk 0:05:16]} 20. Qxb7 {[%clk 0:15:06]}  d4 {[%clk 0:05:30]} 21. Nxf7 {[%clk 0:14:20]}  dxe3 {[%clk 0:05:35]} 22. Nd6 {[%clk 0:14:21]}  Qc5 {[%clk 0:02:10]} 23. Qe7 {[%clk 0:12:59]}  exf2+ {[%clk 0:02:26]} 24. Kh1 {[%clk 0:09:19]}  h5 {[%clk 0:02:10]} 25. Qe6+ {[%clk 0:01:30]}  Kh7 {[%clk 0:02:38]} 26. Ne4 {[%clk 0:01:24]}  Nxe4 {[%clk 0:01:22]} 27. Qxe4 {[%clk 0:01:52]}  Bxb2 {[%clk 0:00:56]} 28. Rad1 {[%clk 0:02:21]}  Rf5 {[%clk 0:00:44]} 29. g4 {[%clk 0:00:45]}  hxg4 {[%clk 0:00:57]} 30. Qxg4 {[%clk 0:00:53]}  Bf6 {[%clk 0:00:35]} 31. Qe4 {[%clk 0:00:41]}  Kh6 {[%clk 0:00:44]} 32. Kg2 {[%clk 0:00:37]}  Rg5+ {[%clk 0:00:40]} 33. Kh1 {[%clk 0:00:48]}  Rf5 {[%clk 0:01:06]} 34. Kg2 {[%clk 0:01:07]}  a5 {[%clk 0:00:45]} 35. Rd2 {[%clk 0:00:39]}  Rg5+ {[%clk 0:01:09]} 36. Kf3 {[%clk 0:00:33]}  Rf5+ {[%clk 0:01:28]} 37. Kg2 {[%clk 0:00:56]}  Rg5+ {[%clk 0:01:56]} 38. Kf3 {[%clk 0:01:15]}  Re5 {[%clk 0:00:45]} 39. Qf4+ {[%clk 0:00:36]}  Bg5 {[%clk 0:01:08]} 40. Qd4 {[%clk 0:00:31]}  Rf5+ {[%clk 0:00:45]} 41. Kg2 {[%clk 0:00:36]}  Qc6+ {[%clk 0:00:44]} 0-1

[Event "45th FIDE Chess Olympiad Open"]
[Site "Budapest, Hungary"]
[Date "2024.09.19"]
[Round "8"]
[White "Blomqvist, Erik"]
[Black "Pasko, Llambi"]
[Result "1-0"]
[Board "94"]
[WhiteFideId "1709437"]
[BlackFideId "4701178"]
[WhiteTitle "GM"]
[BlackTitle "IM"]
[WhiteElo "2491"]
[BlackElo "2396"]
[WhiteTeam "Sweden"]
[BlackTeam "Albania"]
[WhiteClock "0:27:20"]
[BlackClock "0:31:33"]
[Variant "Standard"]

1. e4 {[%clk 1:30:56]}  e5 {[%clk 1:30:51]} 2. Nf3 {[%clk 1:31:10]}  Nc6 {[%clk 1:31:11]} 3. Bb5 {[%clk 1:31:28]}  a6 {[%clk 1:31:21]} 4. Ba4 {[%clk 1:31:49]}  Nf6 {[%clk 1:31:44]} 5. O-O {[%clk 1:31:52]}  b5 {[%clk 1:30:05]} 6. Bb3 {[%clk 1:32:13]}  Bc5 {[%clk 1:30:30]} 7. a4 {[%clk 1:31:54]}  Bb7 {[%clk 1:30:25]} 8. d3 {[%clk 1:31:33]}  O-O {[%clk 1:28:18]} 9. Bg5 {[%clk 1:30:42]}  h6 {[%clk 1:25:00]} 10. Bh4 {[%clk 1:30:11]}  Be7 {[%clk 1:24:31]} 11. axb5 {[%clk 1:29:41]}  axb5 {[%clk 1:24:54]} 12. Rxa8 {[%clk 1:30:06]}  Bxa8 {[%clk 1:22:35]} 13. Na3 {[%clk 1:30:09]}  Qb8 {[%clk 1:11:04]} 14. c3 {[%clk 1:23:34]}  d6 {[%clk 1:10:33]} 15. Nc2 {[%clk 1:14:32]}  Bb7 {[%clk 1:06:32]} 16. Ne3 {[%clk 1:13:04]}  Bc8 {[%clk 1:06:57]} 17. Qa1 {[%clk 0:59:13]}  Nd8 {[%clk 0:56:03]} 18. d4 {[%clk 0:49:44]}  c6 {[%clk 0:48:54]} 19. Re1 {[%clk 0:44:39]}  Re8 {[%clk 0:45:39]} 20. Qb1 {[%clk 0:33:44]}  g6 {[%clk 0:38:02]} 21. Bg3 {[%clk 0:28:56]}  Bf8 {[%clk 0:35:44]} 22. h3 {[%clk 0:21:21]}  Bg7 {[%clk 0:31:57]} 23. Rd1 {[%clk 0:19:03]}  Nh5 {[%clk 0:29:11]} 24. Bh2 {[%clk 0:19:16]}  Ne6 {[%clk 0:21:30]} 25. Qa2 {[%clk 0:17:38]}  c5 {[%clk 0:17:40]} 26. dxc5 {[%clk 0:15:08]}  dxc5 {[%clk 0:17:59]} 27. Bd5 {[%clk 0:15:09]}  Qc7 {[%clk 0:17:42]} 28. Qa8 {[%clk 0:13:18]}  Nef4 {[%clk 0:14:00]} 29. Qc6 {[%clk 0:12:27]}  Qe7 {[%clk 0:12:04]} 30. Qxb5 {[%clk 0:12:43]}  Rf8 {[%clk 0:11:06]} 31. Qb6 {[%clk 0:09:55]}  Kh7 {[%clk 0:11:02]} 32. Ra1 {[%clk 0:10:05]}  Be6 {[%clk 0:07:18]} 33. Ra7 {[%clk 0:07:55]}  Qf6 {[%clk 0:07:32]} 34. Bxe6 {[%clk 0:07:33]}  Nxh3+ {[%clk 0:05:42]} 35. Kf1 {[%clk 0:05:04]}  N3f4 {[%clk 0:03:58]} 36. Ng4 {[%clk 0:04:51]}  Qxe6 {[%clk 0:04:03]} 37. Qxe6 {[%clk 0:05:16]}  fxe6 {[%clk 0:03:05]} 38. Nfxe5 {[%clk 0:04:28]}  Rb8 {[%clk 0:02:35]} 39. Bxf4 {[%clk 0:01:14]}  Nxf4 {[%clk 0:03:01]} 40. g3 {[%clk 0:01:08]}  Nh5 {[%clk 0:02:47]} 41. Nc4 {[%clk 0:28:11]}  Re8 {[%clk 0:31:33]} 42. Rc7 {[%clk 0:27:20]} 1-0

[Event "45th FIDE Chess Olympiad Open"]
[Site "Budapest, Hungary"]
[Date "2024.09.19"]
[Round "8"]
[White "Mehmeti, Dritan"]
[Black "Hillarp Persson, Tiger"]
[Result "0-1"]
[Board "95"]
[WhiteFideId "4700600"]
[BlackFideId "1700812"]
[WhiteTitle "IM"]
[BlackTitle "GM"]
[WhiteElo "2364"]
[BlackElo "2457"]
[WhiteTeam "Albania"]
[BlackTeam "Sweden"]
[WhiteClock "0:10:12"]
[BlackClock "0:04:57"]
[Variant "Standard"]

1. d4 {[%clk 1:30:56]}  d5 {[%clk 1:30:54]} 2. Nf3 {[%clk 1:29:45]}  Nf6 {[%clk 1:31:07]} 3. e3 {[%clk 1:28:32]}  g6 {[%clk 1:26:21]} 4. c4 {[%clk 1:27:00]}  Bg7 {[%clk 1:24:12]} 5. Nc3 {[%clk 1:27:13]}  O-O {[%clk 1:21:50]} 6. cxd5 {[%clk 1:25:23]}  Nxd5 {[%clk 1:22:11]} 7. Bc4 {[%clk 1:25:16]}  Nxc3 {[%clk 1:18:13]} 8. bxc3 {[%clk 1:25:32]}  c5 {[%clk 1:18:36]} 9. O-O {[%clk 1:24:56]}  Qc7 {[%clk 1:12:08]} 10. Qe2 {[%clk 1:20:31]}  Nc6 {[%clk 1:08:33]} 11. Rd1 {[%clk 1:18:51]}  b6 {[%clk 1:01:18]} 12. Bb2 {[%clk 1:14:12]}  Na5 {[%clk 0:49:17]} 13. Bd3 {[%clk 1:10:17]}  Bb7 {[%clk 0:41:00]} 14. Rac1 {[%clk 1:09:20]}  Rac8 {[%clk 0:36:48]} 15. Ba6 {[%clk 0:57:24]}  Bxa6 {[%clk 0:30:33]} 16. Qxa6 {[%clk 0:57:43]}  Rfd8 {[%clk 0:28:38]} 17. Qe2 {[%clk 0:55:21]}  Qc6 {[%clk 0:27:43]} 18. e4 {[%clk 0:46:59]}  Qa4 {[%clk 0:26:07]} 19. Ba1 {[%clk 0:46:24]}  Bh6 {[%clk 0:22:37]} 20. d5 {[%clk 0:26:22]}  Bxc1 {[%clk 0:17:55]} 21. Rxc1 {[%clk 0:26:46]}  Nc4 {[%clk 0:18:16]} 22. Rd1 {[%clk 0:25:59]}  e6 {[%clk 0:16:48]} 23. h4 {[%clk 0:25:18]}  exd5 {[%clk 0:16:36]} 24. exd5 {[%clk 0:25:32]}  Re8 {[%clk 0:16:30]} 25. Qd3 {[%clk 0:25:31]}  Rcd8 {[%clk 0:15:27]} 26. h5 {[%clk 0:19:20]}  Qxa2 {[%clk 0:14:31]} 27. Kf1 {[%clk 0:18:59]}  Qa4 {[%clk 0:09:39]} 28. hxg6 {[%clk 0:15:21]}  hxg6 {[%clk 0:09:36]} 29. g3 {[%clk 0:15:16]}  b5 {[%clk 0:06:00]} 30. Kg2 {[%clk 0:14:27]}  Qa2 {[%clk 0:06:25]} 31. Nd2 {[%clk 0:10:12]}  Rxd5 {[%clk 0:04:57]} 0-1